00742cam a22002051 45000010008000000030004000080050017000120080041000290100017000700350019000870400027001060420012001330820016001451000030001612450128001912600051003193000070003706500030004407110066004708260959OSt20230619130212.0750212s1923 enkbf 000 0 eng  a 24004797  a(OCoLC)1169250 aDLCcTxShAdOCoLCdDLC apremarc a301.09bROS1 aRoscoe, John,d1861-1932.14aThe Banyankole;bthe second part of the report of the Mackie Ethnological Expedition to Central Africa,cby John Roscoe ... aCambridge [Eng.]bThe University Press,c1923. axii, 176 p.bXXXI pl. (incl. front.) on 16 l., fold. map.c23 cm. 0aNyankole (African people)2 aMackie Ethnological Expedition to Central Africa,d1919-1920.